Quang học

में बचाया:
ग्रंथसूची विवरण
मुख्य लेखक: Cao Xuân An
स्वरूप: पुस्तक
भाषा:Undetermined
विषय:
टैग : टैग जोड़ें
कोई टैग नहीं, इस रिकॉर्ड को टैग करने वाले पहले व्यक्ति बनें!
Thư viện lưu trữ: Trung tâm Học liệu Trường Đại học Cần Thơ
LEADER 00364nam a2200145Ia 4500
001 CTU_2295
008 210402s9999 xx 000 0 und d
082 |a 535 
082 |b A105 
100 |a Cao Xuân An 
245 0 |a Quang học 
245 0 |c Cao Xuân An 
650 |a optics 
904 |i Minh, 960823 
980 |a Trung tâm Học liệu Trường Đại học Cần Thơ